LEADER 01012nam a2200265 i 4500 001 991002572629707536 005 20020508202521.0 008 000220s1964 it ||| | ita 035 $ab11029675-39ule_inst 035 $aPARLA165245$9ExL 040 $aDip.to Filosofia$bita 082 0 $a321.4 100 1 $aCapurso, Marcello$0232745 245 10$aDemocrazia e organizzazione di governo /$cMarcello Capurso 250 $aEd. definitiva 260 $aMilano :$bGiuffrè,$c1964 300 $a113 p. ;$c22 cm 490 0 $aPubblicazioni dell'Istituto di storia delle dottrine politiche, Facoltà di scienze politiche Cesare Alfieri, Firenze ;$v2 650 4$aDemocrazia$xStoria 907 $a.b11029675$b23-02-17$c28-06-02 912 $a991002572629707536 945 $aLE005IF XIV F 26$g1$i2005000088568$lle005$o-$pE0.00$q-$rl$s- $t0$u0$v0$w0$x0$y.i11150592$z28-06-02 996 $aDemocrazia e organizzazione di governo$9648807 997 $aUNISALENTO 998 $ale005$b01-01-00$cm$da $e-$fita$git $h0$i1